Rudravatar aur ram ki shaktipooja/ (Record no. 38753)

000 -LEADER
fixed length control field 00418nam a22001571a 4500
020 ## - INTERNATIONAL STANDARD BOOK NUMBER
ISBN 9789382432777
082 ## - DEWEY DECIMAL CLASSIFICATION NUMBER
Classification number H100 9
Item number LAK/R
245 ## - TITLE STATEMENT
Title Rudravatar aur ram ki shaktipooja/
Statement of responsibility, etc by Laxmikant Pande (ed.)
260 ## - PUBLICATION, DISTRIBUTION, ETC. (IMPRINT)
Place of publication Kanpur:
Name of publisher Aman Prakashan,
Year of publication 2013.
300 ## - PHYSICAL DESCRIPTION
Number of Pages 136p.
650 ## - SUBJECT ADDED ENTRY--TOPICAL TERM
Topical Term Poetry Hindi Criticism
650 ## - SUBJECT ADDED ENTRY--TOPICAL TERM
Topical Term Literature Hindi
650 ## - SUBJECT ADDED ENTRY--TOPICAL TERM
Topical Term Literature
700 ## - ADDED ENTRY--PERSONAL NAME
Personal name Laxmikant Pande (ed.)
942 ## - ADDED ENTRY ELEMENTS (KOHA)
Koha item type Book
Holdings
Withdrawn status Lost status Damaged status Not for loan Permanent Location Current Location Date acquired Cost, normal purchase price Full call number Accession Number Cost, replacement price Price effective from Koha item type
        Sree Sankaracharya University of Sanskrit Sree Sankaracharya University of Sanskrit 08.01.2015 250.00 H100 9 LAK/R 073153 0.00 08.01.2015 Book